[Event "34th Chess Olympiad (men)"]
[Site "Istanbul"]
[Date "2000.11.07"]
[Round "10.63.2"]
[White "Mossong, Hubert"]
[Black "Dukaczewski, Piotr"]
[WhiteElo "2213"]
[BlackElo "2292"]
[WhiteCountry "LUX"]
[BlackCountry "IBSA"]
[Result "0-1"]

1. e4 c6 2. d4 d5 3. e5 c5 4. c3 cxd4 5. cxd4 Nc6 6. Be3 Qb6 7. Qb3 Bf5 
8. Qxb6 axb6 9. Nc3 e6 10. Kd2 f6 11. f4 g5 12. g3 gxf4 13. gxf4 Bb4 
14. Bd3 Bxc3+ 15. Kxc3 Bxd3 16. Kxd3 Nh6 17. Nf3 Rg8 18. Rhg1 Rxg1 19. Bxg1 Kf7 
20. Be3 Nf5 21. Bd2 Rg8 22. Rf1 Rg2 23. Bc3 Rg4 24. Bd2 Nh4 25. Ne1 Ng2 
26. Nc2 Rh4 27. Rf2 Rh3+ 28. Ke2 Nh4 29. Bc3 Nf5 30. Kd2 h5 31. Ke2 Nh6 
32. Ne3 Ng4 33. Nxg4 hxg4 34. Kd2 Ne7 35. Ke2 Nf5 36. Rg2 Nh6 37. Rf2 f5 
38. Be1 Ng8 39. Bb4 Kg6 40. Kd2 Nh6 41. Ke2 Kh5 42. Be1 Nf7 43. Rg2 Kg6 
44. Bg3 Rh8 45. Kd3 Ra8 46. b3 Nd8 47. Be1 Kh5 48. Rc2 Nc6 49. Rg2 Kg6 
50. Rc2 Rh8 51. Rg2 Kf7 52. Re2 Ke7 53. Rg2 Kd7 54. Re2 Kc7 55. Rg2 Kb8 
56. Re2 Ka7 57. Rg2 Ka6 58. Re2 Kb5 59. a3 Ra8 60. Ra2 Ne7 61. Bh4 Ng6 
62. Bg3 Kc6 63. Ke3 Kd7 64. Kd3 Ne7 65. Be1 Nc6 66. Ke3 Na7 67. Kd3 Nb5 
68. Bb4 Ra6 69. Ke3 Ra7 70. Kd3 Ra8 71. a4 Na7 72. Be1 Nc6 73. b4 b5 74. a5 Rh8 
75. Rb2 Kc7 76. Kc3 b6 77. a6 Ra8 78. Ra2 Nb8 79. Ra3 Nxa6 80. Kb2 Kb7 
81. Rd3 Rh8 82. Kb3 Rxh2 
0-1

[Event "34th Chess Olympiad (men)"]
[Site "Istanbul"]
[Date "2000.11.07"]
[Round "10.63.3"]
[White "Wassin, Sergey"]
[Black "Wagener, Claude"]
[WhiteElo "2305"]
[BlackElo "2210"]
[WhiteCountry "IBSA"]
[BlackCountry "LUX"]
[Result "1-0"]

1. Nf3 Nf6 2. c4 g6 3. Nc3 d5 4. cxd5 Nxd5 5. e4 Nxc3 6. bxc3 Bg7 7. Ba3 b6 
8. Bb5+ Bd7 9. Bc4 O-O 10. O-O c5 11. d4 Nc6 12. Rc1 Qc7 13. Qd2 Bg4 
14. Be2 Rfd8 15. h3 Bxf3 16. Bxf3 Na5 17. Qe2 Rac8 18. d5 h5 19. c4 e5 
20. g4 hxg4 21. Bxg4 Rb8 22. h4 Nb7 23. h5 gxh5 24. Bxh5 Qe7 25. Rc3 Rd6 
26. Bc1 Bh6 27. Rg3+ Kh8 28. Qg4 Qf8 29. Kg2 Bxc1 30. Rxc1 Rh6 31. Rh1 Nd6 
32. Rh4 Qg8 33. Qf3 Qh7 34. Bg6 Rxg6 35. Rxh7+ Kxh7 36. Qh5+ 
1-0

[Event "34th Chess Olympiad (men)"]
[Site "Istanbul"]
[Date "2000.11.07"]
[Round "10.63.4"]
[White "Brittner, Serge"]
[Black "Enjuto Velasco, Roberto"]
[WhiteElo "2000"]
[BlackElo "2172"]
[WhiteCountry "LUX"]
[BlackCountry "IBSA"]
[Result "1-0"]

1. d4 Nf6 2. c4 g6 3. Nc3 Bg7 4. e4 d6 5. Nf3 O-O 6. Be2 e5 7. O-O Nc6 
8. d5 Ne7 9. b4 a5 10. bxa5 Rxa5 11. a4 Nd7 12. Ba3 f5 13. Bb4 Ra8 14. Ng5 Nf6 
15. c5 fxe4 16. cxd6 cxd6 17. Ngxe4 Nxe4 18. Nxe4 Nf5 19. Bg4 Qh4 20. h3 h5 
21. g3 Qd8 22. Bxf5 Bxf5 23. Nxd6 Bxh3 24. Nxb7 Qb6 25. Bxf8 Bxf8 26. Rb1 Bb4 
27. Re1 Qxb7 28. Re4 Rb8 29. Rexb4 Qxb4 30. Rxb4 Rxb4 31. a5 
1-0